| 000 | 00685nam a2200265Ia 4500 | ||
|---|---|---|---|
| 005 | 20260121165352.0 | ||
| 008 | 008 260114s9999 xx 000 0 eng d | ||
| 020 | _a9789463002356 | ||
| 037 | _aEBOOK | ||
| 040 | _aCRL | ||
| 040 | _beng | ||
| 040 | _cCRL | ||
| 041 | _2eng | ||
| 041 | _aeng | ||
| 084 | _qCRL | ||
| 100 |
_aAmanda Ajodhia-Andrew _91050856 |
||
| 245 | 0 | _aVoices and Visions from Ethnoculturally Diverse Young People with Disabilities | |
| 260 | _bSpringer | ||
| 260 | _bSpringer | ||
| 260 | _c2016 | ||
| 856 | _uhttps://link.springer.com/openurl?genre=book&isbn=978-94-6300-235-6 | ||
| 942 | _cEBOOK | ||
| 999 |
_c1616581 _d1616581 |
||